000 00590nam a22001577a 4500
003 NUST
082 _a200
100 _aIftikhar, Saira
_9119909
245 _aIntegration of Entrepreneurship Competency Development in STEAM Education: A Case of Gamified Pedagogy and its Implications/
_cSaira Iftikhar
264 _aIslamabad
_bSEECS NUST;
_c2023
300 _aill:
_b178,p.
_c30,cm.
650 _aMS- Innovative Technologies in Learning (ITL)
_9123745
700 _aSupervisor :Dr. Arham Muslim
_9104694
856 _uhttp://10.250.8.41:8080/xmlui/handle/123456789/38130
942 _2ddc
_cSC
999 _c607425
_d607425